=LDR 00000nam 2200000 4500 =001 INLIS000000000026384 =005 20130612124829 =008 ***********************************Ind** =035 ##$$0010-061300000026384 =041 ##$$a Ind =082 ##$$a 497.7 =090 ##$$a 497.7, Agi t =100 ##$$a Agil, Bahaud Din Abdullah =245 ##$$a Terjemah alfiyyah syarah ibnu aqil, Bahaud Din Abdullah Ibnu Aqil =260 ##$$a 1996 $b Bandung =300 ##$$a 106 hlm, 21 cm =650 ##$$a Agama islam =850 ##$$a NBPNMAT